01456nam a2200313 i 4500001001000000003000900010005001700019007000300036008004100039040002500080049000900105082001400114100003400128245007300162264003200235300004500267336002700312337003300339338002800372500005700400504003200457590002600489942001400515952014000529952013300669952012700802952019600929999001701125000020163DO-SdBNP20240528144811.0ta100726s2006 ch ac 000 0 spa d aDO-SdBNPbspacBNPHU aBNPD 4bP649g2221 aPineda, Rafael,910784eautor13aEl General cabral y la guerra patria Santomé 1855 /cRafael Pineda aTaiwan :bCopy City,c2006. a133 páginas :bilustraciones ;c18 cm. 2rdacontentatextobtxt 2rdamediaasin mediaciónbn 2rdacarrieravolumenbnc aIncluye datos biográficos del autor en las solapas aBibliográfia : p. 130-132 aInventariado, 2024/BT 2ddccLBS1 00102ddc51708PDaBNPHUbBNPHUcCTd2010-07-26l0oBNPHU DS P649gp20163-30r2020-06-25te. 3w2020-06-25yLBS1ZPréstamo en sala 00102ddc51708PDaBNPHUbBNPHUcCTd2010-07-26l0oBNPHU PD P649gp20163-10r2020-06-25te. 2w2020-06-25yLBS1ZNo se presta 00102ddc51708PDaBNPHUbBNPHUcCTd2010-07-26l0oBNPHU PD P649gp20163-20r2020-06-25w2020-06-25yLBS1ZNo se presta 00102ddc51708DSaBNPHUbBNPHUcCTd2024-05-28eDonaciónl0oBNPHU DS P649gp2024-3200r2024-05-28te.4w2024-05-28yLBS1zPerteneció a la biblioteca personal de Emilio Cordero Michel. c19670d19670